000
00310nam a22001337a 4500
008
171005b xxu||||| |||| 00| 0 eng d
020
_a
9781857751390
041
_a
eng
080
_a
159.9
100
_a
48
101
_a
PSI
245
_a
TREATING PEOPLE WIT AND STREESS
_c
WILKINSON.G
942
_2
udc
_c
BK
999
_c
31898
_d
31898